Score 0/20 Timer 04:00
1 Play Today
Hint Answer % Correct
_____ KongKing
96%
Monsters, _____Inc.
90.5%
Dawn of the _____Dead
89.7%
Beyond Loch _____Ness
89%
An American _____ in LondonWerewolf
87.9%
Creature from the _____ LagoonBlack
87.6%
28 Days _____Later
81.7%
_____ RimPacific
79.9%
_____ of the Living DeadNight
79.1%
_____ of the Body SnatchersInvasion
76.7%
Hint Answer % Correct
The _____ in the WoodsCabin
72.1%
Twilight: New _____Moon
71.6%
I Am _____Legend
71.2%
Jack the _____ SlayerGiant
61.9%
_____ vs. MothraGodzilla
60%
It Came from _____ the SeaBeneath
51.7%
_____ AcademyVampire
51.2%
_____ Ho-TepBubba
22.7%
Only _____ Left AliveLovers
14.2%
Horrors of _____ IslandSpider
7.6%

Today's Daily Dose

Remove Ads.
Support Sporcle.
Get the best of Sporcle when you Go Orange. This ad-free experience offers more features, more stats, and more fun while also helping to support Sporcle. Thank you for becoming a member.

You're not logged in!

Compare scores with friends on all Sporcle quizzes.
OR
Log In

Show Comments

Extras

Top Quizzes Today


Score Distribution

Your Account Isn't Verified!

In order to create a playlist on Sporcle, you need to verify the email address you used during registration. Go to your Sporcle Settings to finish the process.

Report this User

Report this user for behavior that violates our Community Guidelines.

Details: